[Event "DEM U16w 2023"]
[Site "Willingen GER"]
[Date "2023.05.31"]
[Round "6"]
[White "Hubert, Charlotte"]
[Black "Peglau, Dora"]
[Result "1/2-1/2"]
[Termination "normal"]
[Board "1"]
[WhiteElo "1842"]
[BlackElo "2002"]
[WhiteClock "00:16:51"]
[BlackClock "00:47:51"]
[PlyCount "41"]
[WhiteFideId "16265920"]
[BlackFideId "16220005"]
[EventCountry "GER"]
[EventRounds "9"]
[EventType "swiss"]
[EventDate "2023.05.27"]

1. e4 {[%clk 01:30:56]} {[%emt 00:00:04]} e6 {[%clk 01:30:54]} {[%emt
00:00:05]} 2. d4 {[%clk 01:30:56]} {[%emt 00:00:29]} d5 {[%clk 01:31:19]}
{[%emt 00:00:07]} 3. Nc3 {[%clk 01:27:23]} {[%emt 00:04:03]} dxe4 {[%clk
01:26:48]} {[%emt 00:05:01]} 4. Nxe4 {[%clk 01:27:47]} {[%emt 00:00:06]} Bd7
{[%clk 01:26:32]} {[%emt 00:00:46]} 5. Nf3 {[%clk 01:24:12]} {[%emt 00:04:05]}
Bc6 {[%clk 01:26:52]} {[%emt 00:00:09]} 6. Bd3 {[%clk 01:15:59]} {[%emt
00:08:42]} Nd7 {[%clk 01:27:09]} {[%emt 00:00:14]} 7. O-O {[%clk 01:07:57]}
{[%emt 00:08:32]} Ngf6 {[%clk 01:27:22]} {[%emt 00:00:17]} 8. Re1 {[%clk
01:05:33]} {[%emt 00:02:54]} Nxe4 9. Bxe4 {[%clk 01:05:55]} Bxe4 {[%clk
01:23:11]} {[%emt 00:00:06]} 10. Rxe4 {[%clk 01:06:19]} {[%emt 00:00:07]} Nf6
{[%clk 01:19:39]} {[%emt 00:04:03]} 11. Re1 {[%clk 01:03:41]} {[%emt 00:03:06]}
c5 {[%clk 01:16:11]} {[%emt 00:03:59]} 12. Bg5 {[%clk 01:00:38]} {[%emt
00:03:33]} cxd4 {[%clk 01:11:38]} {[%emt 00:05:03]} 13. Qxd4 {[%clk 00:56:20]}
{[%emt 00:04:48]} Be7 {[%clk 01:06:57]} {[%emt 00:05:11]} 14. Rad1 {[%clk
00:47:17]} {[%emt 00:09:33]} O-O {[%clk 01:01:57]} {[%emt 00:05:30]} 15. Qa4
{[%clk 00:33:56]} {[%emt 00:13:51]} Qb6 {[%clk 01:01:11]} {[%emt 00:01:16]} 16.
Be3 {[%clk 00:28:33]} {[%emt 00:05:53]} Bc5 {[%clk 00:57:34]} {[%emt 00:04:06]}
17. Bxc5 {[%clk 00:27:33]} {[%emt 00:01:31]} Qxc5 {[%clk 00:58:01]} {[%emt
00:00:04]} 18. Ne5 {[%clk 00:24:55]} {[%emt 00:03:07]} Rad8 {[%clk 00:53:26]}
{[%emt 00:05:05]} 19. Nd3 {[%clk 00:20:54]} {[%emt 00:04:31]} Qb6 {[%clk
00:52:32]} {[%emt 00:01:24]} 20. Qb4 {[%clk 00:19:41]} {[%emt 00:01:44]} Qc7
{[%clk 00:47:51]} {[%emt 00:05:09]} 21. Qa4 {[%clk 00:16:51]} {[%emt 00:03:20]}
1/2-1/2

[Event "DEM U16w 2023"]
[Site "Willingen GER"]
[Date "2023.05.31"]
[Round "6"]
[White "Trunz, Michelle"]
[Black "Fischer, Darja"]
[Result "1-0"]
[Termination "normal"]
[Board "2"]
[WhiteElo "1972"]
[BlackElo "1847"]
[WhiteClock "00:16:50"]
[BlackClock "00:16:40"]
[PlyCount "67"]
[WhiteFideId "16227980"]
[BlackFideId "16240898"]
[EventCountry "GER"]
[EventRounds "9"]
[EventType "swiss"]
[EventDate "2023.05.27"]

1. d4 {[%clk 01:30:59]} {[%emt 00:56:13]} d5 {[%clk 01:30:55]} {[%emt
00:00:05]} 2. c4 {[%clk 01:31:22]} {[%emt 00:00:07]} e6 {[%clk 01:31:21]}
{[%emt 00:00:05]} 3. Nc3 {[%clk 01:31:49]} {[%emt 00:00:04]} Nf6 {[%clk
01:31:47]} {[%emt 00:00:04]} 4. Bg5 {[%clk 01:32:14]} {[%emt 00:00:04]} Nbd7
{[%clk 01:32:05]} {[%emt 00:00:12]} 5. e3 {[%clk 01:32:27]} {[%emt 00:00:17]}
Be7 {[%clk 01:32:29]} {[%emt 00:00:06]} 6. Nf3 {[%clk 01:32:45]} {[%emt
00:00:13]} O-O {[%clk 01:32:51]} {[%emt 00:00:08]} 7. Rc1 {[%clk 01:32:39]}
{[%emt 00:00:37]} a6 {[%clk 01:33:01]} {[%emt 00:00:20]} 8. a4 {[%clk
01:31:04]} {[%emt 00:02:05]} Re8 {[%clk 01:28:34]} {[%emt 00:04:56]} 9. Be2
{[%clk 01:29:17]} {[%emt 00:02:17]} dxc4 {[%clk 01:28:29]} {[%emt 00:00:34]}
10. Bxc4 {[%clk 01:29:37]} {[%emt 00:00:10]} c5 {[%clk 01:28:52]} {[%emt
00:00:07]} 11. O-O {[%clk 01:29:38]} {[%emt 00:00:30]} cxd4 {[%clk 01:29:00]}
{[%emt 00:00:23]} 12. Nxd4 {[%clk 01:28:53]} {[%emt 00:01:14]} Qa5 {[%clk
01:29:07]} {[%emt 00:00:23]} 13. Bh4 {[%clk 01:26:31]} {[%emt 00:02:52]} Ne5
{[%clk 01:29:15]} {[%emt 00:00:21]} 14. Ba2 {[%clk 01:23:57]} {[%emt 00:03:05]}
Bd7 {[%clk 01:29:01]} {[%emt 00:00:44]} 15. Bg3 {[%clk 01:22:20]} {[%emt
00:02:06]} Nc6 {[%clk 01:29:19]} {[%emt 00:00:12]} 16. Nb3 {[%clk 01:11:28]}
{[%emt 00:11:22]} Qh5 {[%clk 01:26:36]} {[%emt 00:03:12]} 17. f3 {[%clk
01:09:40]} {[%emt 00:02:19]} Nb4 {[%clk 01:21:44]} {[%emt 00:05:21]} 18. Bb1
{[%clk 01:09:35]} {[%emt 00:00:35]} Nbd5 {[%clk 01:21:57]} {[%emt 00:00:18]}
19. Nxd5 {[%clk 01:08:22]} {[%emt 00:01:43]} Nxd5 {[%clk 01:12:44]} {[%emt
00:09:43]} 20. e4 {[%clk 01:07:41]} {[%emt 00:01:11]} Nf6 {[%clk 01:11:42]}
{[%emt 00:01:31]} 21. Qd4 {[%clk 00:54:48]} {[%emt 00:13:23]} Rac8 {[%clk
01:09:39]} {[%emt 00:02:33]} 22. Kh1 {[%clk 00:52:02]} {[%emt 00:03:17]} Bc6
{[%clk 01:03:34]} {[%emt 00:06:34]} 23. Qb6 {[%clk 00:39:32]} {[%emt 00:13:00]}
Nd7 {[%clk 00:59:08]} {[%emt 00:04:55]} 24. Qa5 {[%clk 00:36:58]} {[%emt
00:03:05]} Qxa5 {[%clk 00:55:56]} {[%emt 00:03:43]} 25. Nxa5 {[%clk 00:37:23]}
{[%emt 00:00:04]} Bxa4 {[%clk 00:43:53]} {[%emt 00:12:33]} 26. Nxb7 {[%clk
00:36:04]} {[%emt 00:01:50]} e5 {[%clk 00:33:26]} {[%emt 00:10:56]} 27. Ba2
{[%clk 00:28:16]} {[%emt 00:08:17]} Kf8 {[%clk 00:31:40]} {[%emt 00:02:16]} 28.
f4 {[%clk 00:25:03]} {[%emt 00:03:44]} Bc6 {[%clk 00:25:40]} {[%emt 00:06:30]}
29. fxe5 {[%clk 00:23:16]} {[%emt 00:02:17]} f6 {[%clk 00:14:56]} {[%emt
00:11:14]} 30. exf6 {[%clk 00:20:48]} {[%emt 00:02:58]} Bxb7 {[%clk 00:15:25]}
{[%emt 00:00:02]} 31. fxe7+ Kxe7 {[%clk 00:15:53]} 32. Rf7+ {[%clk 00:16:34]}
{[%emt 00:04:25]} Kd8 {[%clk 00:16:17]} {[%emt 00:00:06]} 33. Bh4+ {[%clk
00:16:33]} {[%emt 00:00:31]} Nf6 {[%clk 00:16:40]} {[%emt 00:00:06]} 34. Rd1+
{[%clk 00:16:50]} {[%emt 00:00:13]} 1-0

[Event "DEM U16w 2023"]
[Site "Willingen GER"]
[Date "2023.05.31"]
[Round "6"]
[White "Sereda, Yaroslava"]
[Black "Voigt, Anastasia"]
[Result "0-1"]
[Termination "normal"]
[Board "3"]
[WhiteElo "1890"]
[BlackElo "1821"]
[WhiteClock "00:26:03"]
[BlackClock "00:40:39"]
[PlyCount "106"]
[WhiteFideId "14178940"]
[BlackFideId "16235223"]
[EventCountry "GER"]
[EventRounds "9"]
[EventType "swiss"]
[EventDate "2023.05.27"]

1. e4 {[%clk 01:30:48]} {[%emt 00:00:01]} c6 {[%clk 01:30:58]} {[%emt
00:00:32]} 2. d4 {[%clk 01:31:08]} {[%emt 00:00:11]} d5 {[%clk 01:31:23]}
{[%emt 00:00:04]} 3. exd5 {[%clk 01:31:27]} {[%emt 00:00:11]} cxd5 {[%clk
01:31:48]} {[%emt 00:00:05]} 4. Bd3 {[%clk 01:31:46]} {[%emt 00:00:11]} Nc6
{[%clk 01:32:12]} {[%emt 00:00:06]} 5. c3 {[%clk 01:32:08]} {[%emt 00:00:09]}
Qc7 {[%clk 01:32:36]} {[%emt 00:00:05]} 6. Ne2 {[%clk 01:32:02]} {[%emt
00:00:36]} Bg4 {[%clk 01:32:31]} {[%emt 00:00:34]} 7. O-O {[%clk 01:27:01]}
{[%emt 00:05:32]} Nf6 {[%clk 01:32:31]} {[%emt 00:00:30]} 8. Qe1 {[%clk
01:22:33]} {[%emt 00:04:58]} e6 {[%clk 01:32:37]} {[%emt 00:00:23]} 9. f3
{[%clk 01:22:25]} {[%emt 00:00:39]} Bh5 {[%clk 01:33:02]} {[%emt 00:00:04]} 10.
Qh4 {[%clk 01:22:06]} {[%emt 00:00:50]} Rg8 {[%clk 01:33:13]} {[%emt 00:00:18]}
11. Na3 {[%clk 00:57:36]} {[%emt 00:25:00]} Bg6 {[%clk 01:20:42]} {[%emt
00:13:00]} 12. Nf4 {[%clk 00:52:59]} {[%emt 00:05:09]} a6 {[%clk 01:08:39]}
{[%emt 00:12:32]} 13. b4 {[%clk 00:40:16]} {[%emt 00:13:12]} Bd6 {[%clk
01:02:51]} {[%emt 00:06:18]} 14. Bd2 {[%clk 00:27:37]} {[%emt 00:13:10]} Kd7
{[%clk 00:52:55]} {[%emt 00:10:23]} 15. Be2 {[%clk 00:22:18]} {[%emt 00:05:52]}
Bf5 {[%clk 00:51:39]} {[%emt 00:01:44]} 16. Nd3 {[%clk 00:19:30]} {[%emt
00:03:19]} h5 {[%clk 00:35:23]} {[%emt 00:16:46]} 17. Nc5+ {[%clk 00:16:22]}
{[%emt 00:03:39]} Ke8 {[%clk 00:34:50]} {[%emt 00:01:01]} 18. Rfe1 {[%clk
00:08:23]} {[%emt 00:08:32]} Ne7 {[%clk 00:33:19]} {[%emt 00:02:00]} 19. f4
{[%clk 00:03:53]} {[%emt 00:05:00]} Ng6 {[%clk 00:32:46]} {[%emt 00:01:02]} 20.
Qf2 {[%clk 00:04:08]} {[%emt 00:00:16]} Nxf4 {[%clk 00:29:52]} {[%emt
00:03:24]} 21. Bxf4 {[%clk 00:01:22]} {[%emt 00:03:16]} Bxf4 {[%clk 00:29:38]}
{[%emt 00:00:44]} 22. Bf1 {[%clk 00:00:49]} {[%emt 00:01:03]} Bxh2+ {[%clk
00:27:51]} {[%emt 00:02:17]} 23. Kh1 {[%clk 00:01:14]} {[%emt 00:00:05]} Qf4
{[%clk 00:22:52]} {[%emt 00:05:28]} 24. Qxf4 {[%clk 00:00:58]} {[%emt
00:00:48]} Bxf4 {[%clk 00:23:15]} {[%emt 00:00:06]} 25. Rad1 {[%clk 00:00:46]}
{[%emt 00:00:43]} Ne4 {[%clk 00:22:45]} {[%emt 00:00:58]} 26. Nxe4 {[%clk
00:00:57]} {[%emt 00:00:21]} Bxe4 {[%clk 00:22:59]} {[%emt 00:00:16]} 27. c4
{[%clk 00:00:48]} {[%emt 00:00:38]} Kd7 {[%clk 00:22:01]} {[%emt 00:01:27]} 28.
c5 {[%clk 00:00:51]} {[%emt 00:00:29]} h4 {[%clk 00:21:31]} {[%emt 00:00:59]}
29. Nc4 {[%clk 00:00:49]} {[%emt 00:00:33]} Bc7 {[%clk 00:20:03]} {[%emt
00:01:57]} 30. Rc1 {[%clk 00:00:49]} {[%emt 00:00:30]} h3 {[%clk 00:19:32]}
{[%emt 00:01:00]} 31. Kg1 {[%clk 00:00:49]} {[%emt 00:00:31]} hxg2 {[%clk
00:19:50]} {[%emt 00:00:11]} 32. Be2 {[%clk 00:00:34]} {[%emt 00:00:45]} dxc4
{[%clk 00:19:27]} {[%emt 00:00:53]} 33. Bxc4 {[%clk 00:00:56]} {[%emt
00:00:08]} Bc6 {[%clk 00:19:24]} {[%emt 00:00:31]} 34. Rcd1 {[%clk 00:00:47]}
{[%emt 00:00:42]} Bd5 {[%clk 00:16:02]} {[%emt 00:03:50]} 35. Bxd5 {[%clk
00:00:56]} {[%emt 00:00:22]} exd5 {[%clk 00:16:28]} {[%emt 00:00:04]} 36. Kxg2
{[%clk 00:01:21]} {[%emt 00:00:06]} Rae8 {[%clk 00:16:08]} {[%emt 00:00:50]}
37. Kf3 {[%clk 00:01:32]} {[%emt 00:00:18]} Rxe1 {[%clk 00:15:14]} {[%emt
00:01:24]} 38. Rxe1 {[%clk 00:02:00]} {[%emt 00:00:02]} Re8 {[%clk 00:15:34]}
{[%emt 00:00:09]} 39. Rg1 {[%clk 00:01:19]} {[%emt 00:01:12]} g6 {[%clk
00:15:36]} {[%emt 00:00:26]} 40. a4 {[%clk 00:01:42]} {[%emt 00:00:10]} Re4
{[%clk 00:15:37]} {[%emt 00:00:28]} 41. Rd1 {[%clk 00:01:54]} {[%emt 00:00:19]}
g5 {[%clk 00:15:09]} {[%emt 00:00:56]} 42. b5 {[%clk 00:00:48]} {[%emt
00:01:37]} axb5 {[%clk 00:15:34]} {[%emt 00:00:06]} 43. axb5 {[%clk 00:01:15]}
{[%emt 00:00:03]} Bf4 {[%clk 00:15:28]} {[%emt 00:00:31]} 44. Ra1 {[%clk
00:28:58]} {[%emt 00:02:52]} Rxd4 {[%clk 00:43:46]} {[%emt 00:02:12]} 45. Ra7
{[%clk 00:29:15]} {[%emt 00:00:13]} g4+ {[%clk 00:43:44]} {[%emt 00:00:30]} 46.
Kg2 {[%clk 00:29:28]} {[%emt 00:00:18]} Rd2+ {[%clk 00:43:49]} {[%emt
00:00:24]} 47. Kg1 {[%clk 00:27:46]} {[%emt 00:02:13]} Be3+ {[%clk 00:43:33]}
{[%emt 00:00:46]} 48. Kh1 {[%clk 00:28:08]} {[%emt 00:00:09]} Bxc5 {[%clk
00:43:01]} {[%emt 00:01:01]} 49. Rxb7+ {[%clk 00:28:15]} {[%emt 00:00:23]} Ke6
{[%clk 00:42:42]} {[%emt 00:00:44]} 50. Rb6+ {[%clk 00:27:49]} {[%emt
00:01:00]} Bd6 {[%clk 00:42:59]} {[%emt 00:00:11]} 51. Rc6 {[%clk 00:27:55]}
{[%emt 00:00:27]} g3 {[%clk 00:41:55]} {[%emt 00:01:31]} 52. b6 {[%clk
00:28:14]} {[%emt 00:00:14]} Kd7 {[%clk 00:41:31]} {[%emt 00:00:53]} 53. Rc1
{[%clk 00:26:03]} {[%emt 00:02:41]} Rb2 {[%clk 00:40:39]} {[%emt 00:01:19]} 0-1

[Event "DEM U16w 2023"]
[Site "Willingen GER"]
[Date "2023.05.31"]
[Round "6"]
[White "Wilmink, Anna"]
[Black "Prinzen, Siri Marleen"]
[Result "1/2-1/2"]
[Termination "normal"]
[Board "4"]
[WhiteElo "1734"]
[BlackElo "1724"]
[WhiteClock "00:00:48"]
[BlackClock "00:08:22"]
[PlyCount "63"]
[WhiteFideId "16273680"]
[BlackFideId "16265912"]
[EventCountry "GER"]
[EventRounds "9"]
[EventType "swiss"]
[EventDate "2023.05.27"]

1. e4 {[%clk 01:30:58]} c5 {[%clk 01:30:56]} {[%emt 00:00:05]} 2. Nf3 {[%clk
01:30:56]} {[%emt 00:00:32]} e6 {[%clk 01:31:17]} {[%emt 00:00:09]} 3. d4
{[%clk 01:31:01]} {[%emt 00:00:25]} cxd4 {[%clk 01:31:41]} {[%emt 00:00:05]} 4.
Nxd4 {[%clk 01:31:23]} {[%emt 00:00:07]} Nf6 {[%clk 01:31:58]} {[%emt
00:00:13]} 5. Nc3 {[%clk 01:25:56]} {[%emt 00:05:58]} Nc6 {[%clk 01:32:21]}
{[%emt 00:00:07]} 6. Bc4 {[%clk 01:22:49]} {[%emt 00:03:37]} Bb4 {[%clk
01:25:22]} {[%emt 00:07:29]} 7. Nxc6 {[%clk 01:12:18]} {[%emt 00:11:01]} bxc6
{[%clk 01:25:19]} {[%emt 00:00:33]} 8. Bd3 {[%clk 01:04:50]} {[%emt 00:07:59]}
d5 {[%clk 01:20:58]} {[%emt 00:04:50]} 9. exd5 {[%clk 00:59:18]} {[%emt
00:06:02]} cxd5 {[%clk 01:09:47]} {[%emt 00:11:41]} 10. O-O {[%clk 00:55:32]}
{[%emt 00:04:15]} O-O {[%clk 01:00:29]} {[%emt 00:09:48]} 11. Ne2 {[%clk
00:51:32]} {[%emt 00:04:30]} a5 {[%clk 00:53:06]} {[%emt 00:07:54]} 12. c4
{[%clk 00:42:22]} {[%emt 00:09:40]} Ba6 {[%clk 00:50:20]} {[%emt 00:03:16]} 13.
cxd5 {[%clk 00:41:04]} {[%emt 00:01:48]} Bxd3 {[%clk 00:46:27]} {[%emt
00:04:23]} 14. Qxd3 {[%clk 00:41:12]} {[%emt 00:00:22]} Qxd5 {[%clk 00:46:16]}
{[%emt 00:00:41]} 15. Qxd5 {[%clk 00:39:03]} {[%emt 00:02:40]} Nxd5 {[%clk
00:46:31]} {[%emt 00:00:16]} 16. Nf4 {[%clk 00:38:37]} {[%emt 00:00:55]} Nb6
{[%clk 00:42:43]} {[%emt 00:04:18]} 17. b3 {[%clk 00:31:16]} {[%emt 00:07:52]}
Rfd8 {[%clk 00:40:50]} {[%emt 00:02:22]} 18. Be3 {[%clk 00:29:17]} {[%emt
00:02:29]} Nc8 {[%clk 00:36:10]} {[%emt 00:05:11]} 19. Rfd1 {[%clk 00:23:47]}
{[%emt 00:06:01]} Nd6 {[%clk 00:32:30]} {[%emt 00:04:09]} 20. Bb6 {[%clk
00:17:25]} {[%emt 00:06:52]} Rdc8 {[%clk 00:27:49]} {[%emt 00:05:10]} 21. Kf1
{[%clk 00:14:50]} {[%emt 00:03:05]} Nb5 {[%clk 00:26:44]} {[%emt 00:01:35]} 22.
Nd3 {[%clk 00:11:26]} {[%emt 00:03:55]} Nc3 {[%clk 00:25:06]} {[%emt 00:02:08]}
23. Rdc1 {[%clk 00:10:17]} {[%emt 00:01:39]} Nd5 {[%clk 00:25:05]} {[%emt
00:00:30]} 24. Nxb4 {[%clk 00:08:24]} {[%emt 00:02:24]} axb4 {[%clk 00:21:31]}
{[%emt 00:04:04]} 25. Bd4 {[%clk 00:06:11]} {[%emt 00:02:43]} h6 {[%clk
00:20:09]} {[%emt 00:01:51]} 26. Rc4 {[%clk 00:04:39]} {[%emt 00:02:02]} Kh7
{[%clk 00:18:34]} {[%emt 00:02:05]} 27. g3 {[%clk 00:04:01]} {[%emt 00:01:09]}
g5 {[%clk 00:14:15]} {[%emt 00:04:49]} 28. Rac1 {[%clk 00:02:51]} {[%emt
00:01:40]} Rd8 {[%clk 00:09:39]} {[%emt 00:05:05]} 29. R1c2 {[%clk 00:01:42]}
{[%emt 00:01:40]} Ra6 {[%clk 00:09:06]} {[%emt 00:01:03]} 30. Bc5 {[%clk
00:01:25]} {[%emt 00:00:47]} Rb8 {[%clk 00:09:06]} {[%emt 00:00:29]} 31. Ke1
{[%clk 00:01:12]} {[%emt 00:00:44]} Kg6 {[%clk 00:08:22]} {[%emt 00:01:14]} 32.
h3 {[%clk 00:00:48]} {[%emt 00:00:54]} 1/2-1/2

[Event "DEM U16w 2023"]
[Site "Willingen GER"]
[Date "2023.05.31"]
[Round "6"]
[White "Ulrich, Helena Irene"]
[Black "von Beckh, Frieda"]
[Result "1/2-1/2"]
[Termination "normal"]
[Board "6"]
[WhiteElo "1609"]
[BlackElo "1673"]
[WhiteClock "00:08:58"]
[BlackClock "00:17:24"]
[PlyCount "103"]
[WhiteFideId "16256000"]
[BlackFideId "16233751"]
[EventCountry "GER"]
[EventRounds "9"]
[EventType "swiss"]
[EventDate "2023.05.27"]

1. e4 {[%clk 01:30:59]} {[%emt 00:55:41]} c5 {[%clk 01:30:53]} {[%emt
00:00:08]} 2. Nf3 {[%clk 01:31:26]} {[%emt 00:00:03]} Nc6 {[%clk 01:31:20]}
{[%emt 00:00:03]} 3. d4 {[%clk 01:31:53]} {[%emt 00:00:03]} cxd4 {[%clk
01:31:46]} {[%emt 00:00:04]} 4. Nxd4 {[%clk 01:32:20]} {[%emt 00:00:03]} g6
{[%clk 01:32:08]} {[%emt 00:00:08]} 5. c4 {[%clk 01:32:44]} {[%emt 00:00:06]}
Bg7 {[%clk 01:32:35]} {[%emt 00:00:03]} 6. Be3 {[%clk 01:33:10]} {[%emt
00:00:04]} Nf6 {[%clk 01:33:01]} {[%emt 00:00:04]} 7. Nc3 {[%clk 01:33:36]}
{[%emt 00:00:04]} O-O {[%clk 01:33:26]} {[%emt 00:00:05]} 8. Be2 {[%clk
01:34:00]} {[%emt 00:00:06]} d6 {[%clk 01:33:45]} {[%emt 00:00:11]} 9. O-O
{[%clk 01:34:15]} {[%emt 00:00:14]} Bd7 {[%clk 01:34:01]} {[%emt 00:00:13]} 10.
Qd2 {[%clk 01:34:31]} {[%emt 00:00:14]} Nxd4 {[%clk 01:34:08]} {[%emt
00:00:24]} 11. Bxd4 {[%clk 01:34:56]} {[%emt 00:00:05]} Bc6 {[%clk 01:34:34]}
{[%emt 00:00:04]} 12. f3 {[%clk 01:35:19]} {[%emt 00:00:07]} Nd7 {[%clk
01:34:57]} {[%emt 00:00:07]} 13. Be3 {[%clk 01:35:39]} {[%emt 00:00:10]} a5
{[%clk 01:31:49]} {[%emt 00:03:39]} 14. b3 {[%clk 01:34:03]} {[%emt 00:02:06]}
Nc5 {[%clk 01:30:14]} {[%emt 00:02:05]} 15. Rab1 {[%clk 01:32:28]} {[%emt
00:02:05]} Qc7 {[%clk 01:18:57]} {[%emt 00:11:46]} 16. Rfc1 {[%clk 01:25:03]}
{[%emt 00:07:56]} Rfd8 {[%clk 01:18:07]} {[%emt 00:01:20]} 17. Bf1 {[%clk
01:17:25]} {[%emt 00:08:08]} e6 {[%clk 01:13:52]} {[%emt 00:04:44]} 18. Qf2
{[%clk 01:06:40]} {[%emt 00:11:15]} Qe7 {[%clk 01:13:20]} {[%emt 00:01:02]} 19.
Rc2 {[%clk 01:03:19]} {[%emt 00:03:52]} Be5 {[%clk 01:10:11]} {[%emt 00:03:38]}
20. Rd1 {[%clk 00:50:11]} {[%emt 00:13:39]} Rd7 {[%clk 01:06:31]} {[%emt
00:04:09]} 21. Ne2 {[%clk 00:34:22]} {[%emt 00:16:20]} Rf8 {[%clk 01:02:27]}
{[%emt 00:04:34]} 22. Bh6 {[%clk 00:21:24]} {[%emt 00:13:28]} Rc8 {[%clk
00:56:12]} {[%emt 00:06:44]} 23. Bf4 {[%clk 00:15:45]} {[%emt 00:06:10]} Bxf4
{[%clk 00:53:40]} {[%emt 00:03:01]} 24. Nxf4 {[%clk 00:16:09]} {[%emt
00:00:06]} Rf8 {[%clk 00:44:19]} {[%emt 00:09:51]} 25. Bd3 {[%clk 00:13:24]}
{[%emt 00:03:16]} Kh8 {[%clk 00:37:51]} {[%emt 00:06:57]} 26. Qe1 {[%clk
00:09:08]} {[%emt 00:04:47]} b6 {[%clk 00:36:30]} {[%emt 00:01:51]} 27. Qc3+
{[%clk 00:07:08]} {[%emt 00:02:30]} Kg8 {[%clk 00:35:36]} {[%emt 00:01:24]} 28.
Rcd2 {[%clk 00:05:28]} {[%emt 00:02:11]} Qg5 {[%clk 00:32:24]} {[%emt
00:03:41]} 29. Nh3 {[%clk 00:03:54]} {[%emt 00:02:03]} Qh4 {[%clk 00:29:58]}
{[%emt 00:02:55]} 30. Bf1 {[%clk 00:02:58]} {[%emt 00:01:27]} Rfd8 {[%clk
00:27:10]} {[%emt 00:03:19]} 31. Nf2 {[%clk 00:02:25]} {[%emt 00:01:03]} f5
{[%clk 00:24:16]} {[%emt 00:03:24]} 32. exf5 {[%clk 00:02:10]} {[%emt
00:00:45]} gxf5 {[%clk 00:23:50]} {[%emt 00:00:55]} 33. Nd3 {[%clk 00:01:22]}
{[%emt 00:01:18]} Qg5 {[%clk 00:17:54]} {[%emt 00:06:25]} 34. Nxc5 {[%clk
00:01:07]} {[%emt 00:00:46]} dxc5 {[%clk 00:17:23]} {[%emt 00:01:01]} 35. Rxd7
{[%clk 00:01:14]} {[%emt 00:00:23]} Rxd7 {[%clk 00:17:36]} {[%emt 00:00:17]}
36. Rxd7 {[%clk 00:01:28]} {[%emt 00:00:17]} Bxd7 {[%clk 00:17:58]} {[%emt
00:00:08]} 37. Qd3 {[%clk 00:00:46]} {[%emt 00:01:12]} Qg7 {[%clk 00:17:29]}
{[%emt 00:00:59]} 38. Qe2 {[%clk 00:00:35]} {[%emt 00:00:42]} Qd4+ {[%clk
00:16:21]} {[%emt 00:01:38]} 39. Kh1 {[%clk 00:00:42]} {[%emt 00:00:23]} e5
{[%clk 00:15:36]} {[%emt 00:01:15]} 40. Qc2 {[%clk 00:00:33]} {[%emt 00:00:39]}
e4 {[%clk 00:11:15]} {[%emt 00:04:50]} 41. fxe4 {[%clk 00:28:41]} {[%emt
00:02:22]} fxe4 {[%clk 00:41:08]} {[%emt 00:00:37]} 42. Qe2 {[%clk 00:27:10]}
{[%emt 00:02:01]} Bf5 {[%clk 00:34:05]} {[%emt 00:07:32]} 43. Qe1 {[%clk
00:19:30]} {[%emt 00:08:12]} Qd6 {[%clk 00:31:48]} {[%emt 00:02:45]} 44. Kg1
{[%clk 00:18:25]} {[%emt 00:01:36]} Qd4+ {[%clk 00:28:07]} {[%emt 00:04:11]}
45. Kh1 {[%clk 00:17:40]} {[%emt 00:01:15]} Qd6 {[%clk 00:26:50]} {[%emt
00:01:47]} 46. Kg1 {[%clk 00:17:35]} {[%emt 00:00:36]} Qf4 {[%clk 00:25:21]}
{[%emt 00:01:58]} 47. Be2 {[%clk 00:13:02]} {[%emt 00:05:03]} e3 {[%clk
00:24:55]} {[%emt 00:00:56]} 48. g3 {[%clk 00:12:27]} {[%emt 00:01:05]} Qe4
{[%clk 00:24:02]} {[%emt 00:01:22]} 49. Qd1 {[%clk 00:11:59]} {[%emt 00:00:59]}
Qd4 {[%clk 00:22:59]} {[%emt 00:01:33]} 50. Qf1 {[%clk 00:11:30]} {[%emt
00:00:59]} Bd3 {[%clk 00:18:53]} {[%emt 00:04:36]} 51. Qf3 {[%clk 00:10:23]}
{[%emt 00:01:37]} Qe4 {[%clk 00:17:24]} {[%emt 00:01:59]} 52. Qh5 {[%clk
00:08:58]} {[%emt 00:01:55]} *